000 00781nam a22001577a 4500
003 OSt
005 20151208150338.0
008 151205b xxu||||| |||| 00| 0 eng d
040 _cRUA
082 _aFIS KIM 2003 B187 Or.1
100 _94346
_aKIM, SOPHEA.
245 _aThe effect of formulated golden snail with rice bran and cp hi-gro on the growth and survival rate of anabas testudineus (bloch), ប្រសិទ្ធភាពចំណីផ្សំខ្យងមាសជាមួយកន្ទក់​និង​គ្រាប់ស៊ីភីហៃក្រូទៅលើការលូតលាស់ និងអត្រារស់របសត្រីក្រាញ់
260 _aPhnom Penh
_bRUA
_c2003
300 _a37p.
_bill.
_c29cm.
942 _2ddc
_cFIS
999 _c4056
_d4056